000 00628nam a2200241 i 4500
001 10775
003 ES-MaACL
005 20230906145945.0
007 t|
008 920327s1991 sp ||||0| spa j
020 _a84-264-2773-1
040 _aM-BN
_bspa
_cM-BN
080 _a860-14"19"
100 1 _aPeri Rossi, Cristina.
_991241
245 1 0 _aBabel bárbara /
_cCristina Peri Rossi.
250 _a[1ª ed.].
260 _aBarcelona :
_bLumen,
_c1991.
300 _a81 p ;
_c22 cm.
490 1 _aPoesía ;
_v73
830 0 _aPoesía ;
_v73
_9177794
852 _aES-MaACL
_jL-18161
_bR.123500
999 _c10775
_d10775